00696nam a2200193 i 4500001000700000003000900007005001700016007000300033008004100036080001300077100005300090245008900143260003400232300004800266650002500314852002200339999001900361952012200380122776ES-MaACL20230906192035.0t|070214s1970 sp r ||||1| spa d a655.4/.51 aPuigvert Calderón de la Barca, Alfredo.99431110aOrganización general de la librería / cAlfredo Puigvert Calderón de la Barca. aMadrid : bParaninfo, c1970. a191 p., [4] p. de lám. : bil. ; c22 cm. 4aLibrerías.91691154 aES-MaACLjC-45144 c122776d122776 00104070aATENEOMbATENEOMcDEPO2d2008-01-17eSCl0oC-45144p1127932r2023-02-23 00:00:00w2023-02-23yMONOGRAFIA